000 00229nam a22000857a 4500
999 _c11002
_d11002
008 180716b ||||| |||| 00| 0 eng d
100 _aDoyle Conan
_96793
245 _aThe Hound of the Baskerviles
260 _aNew Delhi
_bCampfire
_c2016